[Event "KEN-ch"]
[Site "Nairobi"]
[Date "2021.12.29"]
[Round "7"]
[White "Kiburi, Elijah Kamau"]
[Black "Sagwa, Hillary"]
[Result "0-1"]
[WhiteElo "1779"]
[BlackElo "1820"]
[PlyCount "82"]
[EventDate "2021.12.26"]
[EventType "swiss"]
[EventRounds "9"]
[EventCountry "KEN"]
[SourceTitle "EXT 2023"]
[Source "ChessBase"]
[SourceDate "2022.10.05"]
[SourceVersion "1"]
[SourceVersionDate "2022.10.05"]
[SourceQuality "1"]

1. d4 Nc6 2. Nf3 g6 3. e4 Bg7 4. c3 e5 5. Bg5 f6 6. Bh4 d6 7. dxe5 dxe5 8. Qxd8+ Nxd8 9. Bc4 Be6 10. Nbd2 h5 11. h3 Ne7 12. 0-0-0 Kf7 13. Ne1 Bh6 14. Bxe6+ Nxe6 15. f3 Rad8 16. Kc2 Rd7 17. Nd3 Rhd8 18. Nb3 b6 19. g4 c5 20. Nbc1 c4 21. Nf2 Rd2+ 22. Rxd2 Rxd2+ 23. Kb1 g5 24. gxh5 gxh4 25. Ng4 Bg5 26. h6 Kg6 27. Rg1 Nf4 28. Nxe5+ Kxh6 29. Nxc4 Rf2 30. e5 Nxh3 31. Re1 Rxf3 32. exf6 Bxf6 33. Ne5 Bxe5 34. Rxe5 Ng6 35. Rd5 Nf2 36. Ne2 h3 37. Ng1 h2 38. Nxf3 h1Q+ 39. Kc2 Qxf3 40. Rd4 Ne5 41. Kb3 Nfd3 0-1

[Event "KEN-chT"]
[Site "Nairobi"]
[Date "2019.04.14"]
[Round "11.2"]
[White "Young, Collins1111"]
[Black "Kiburi, Elijah Kamau"]
[Result "0-1"]
[WhiteElo "1696"]
[BlackElo "1779"]
[PlyCount "55"]
[EventDate "2019.02.09"]
[EventType "team-tourn"]
[EventRounds "27"]
[EventCountry "KEN"]
[SourceTitle "CBM 192 Extra"]
[Source "Chessbase"]
[SourceDate "2019.11.06"]
[SourceVersion "1"]
[SourceVersionDate "2019.11.06"]
[SourceQuality "1"]
[WhiteTeam "Bank of Africa"]
[BlackTeam "Black Knights"]
[WhiteTeamCountry "KEN"]
[BlackTeamCountry "KEN"]

1. d4 e6 2. Nf3 Nf6 3. Bf4 d5 4. e3 Bd6 5. Ne5 Nbd7 6. Be2 0-0 7. 0-0 Ne4 8. h3 f6 9. Nd3 e5 10. Bh2 c6 11. f3 Ng5 12. c3 Qc7 13. Nd2 exd4 14. Bxd6 Qxd6 15. exd4 Re8 16. Nf2 Nf8 17. Nh1 Ng6 18. Re1 Qf4 19. Nf1 Qh4 20. Bd3 Bxh3 21. Rxe8+ Rxe8 22. Bxg6 hxg6 23. gxh3 Nxh3+ 24. Kg2 Re2+ 25. Qxe2 Nf4+ 26. Kg1 Nxe2+ 27. Kg2 Nf4+ 28. Kg1 0-1